000 00647nam a2200229Ia 4500
003 OSt
005 20220927104417.0
006 a|||||r|||| 00| 0
007 ta
008 220926b |||||||| |||| 00| 0 eng d
024 _a147225
037 _cReference Collections
040 _aRTL
_cRTL
_beng
041 _2eng
_aeng
082 _a"T9(X:8).3.N6, K5/GD"
110 _aG.B. Edu. (M/0-)
_9365519
245 0 _aMemorandum on diploma in management studies.
260 _c1965
700 _aG.B. Edu. (M/0-)
_9365520
942 _h"T9(X:8).3.N6, K5/GD"
_cCC
999 _c687178
_d687178